000
00235 a2200097 4500
001
15817
100
_a
Maratta
245
_a
Drills & performance objectives for coaching track and field
260
_a
_b
Parker
_c
090
_c
12367
_d
12367
942
_a
NUST-CAE
_c
M
_c
2633
999
_c
250890
_d
250890